000 00245nam a2200097Ia 4500
001 689873
005 20250826161805.0
008 250824s9999 xx 000 0 und d
245 0 _aMAZİYE BİR BAKIVER
_cDURSUN GÜRLEK
260 _bTİMAŞ YAYINLARI
999 _c689873
_d689873